[Event "V. Korchnoi Memorial 2019"]
[Site "St. Petersburg"]
[Date "2019.08.19"]
[Round "6.1"]
[White "Chigaev, Maksim"]
[Black "Kamsky, Gata"]
[Result "1/2-1/2"]
[WhiteElo "2643"]
[BlackElo "2673"]
[Annotator "TA"]
[PlyCount "67"]
[EventDate "2019.08.13"]
[EventType "swiss"]
[EventCountry "RUS"]
[SourceTitle "playchess.com"]
[Source "ChessBase"]
[SourceQuality "1"]

{[%evp 9,67,0,0,0,0,-10,-7,-10,0,-2,8,10,7,7,0,4,12,0,8,8,11,0,0,10,0,5,8,0,3,-9,0,-1,-7,-5,-4,-9,0,0,0,-15,-15,-15,-15,-15,0,-17,-17,-18,-18,-18,-18,-18,0,-18,0,-18,0,-18,0,-18]} 1. e4 b6 2. g3 Bb7 3. Bg2 e6 4. d3 g6 (4... c5 5. f4 d5 6. Nd2 Qc7 7. Qe2 Nc6 8. c3 d4 9. c4 Nb4 10. Ndf3 a6 11. Nh3 b5 12. b3 {1-0 (50) Movsziszian,K (2468)-Fedorchuk,S (2626) Llucmajor 2016}) 5. f4 Bg7 {The position is equal.} 6. Qe2 {C00: French: Unusual White 2nd moves} c5 7. Nf3 Ne7 8. Nc3 $146 ({Predecessor:} 8. O-O O-O 9. c3 Nbc6 10. Rd1 Rc8 11. Be3 {½-½ (65) Jacko,V (2186)-Ganaus,H (2326) Litomysl 2006}) 8... Nbc6 9. Bd2 d6 10. O-O-O Nd4 11. Qf2 Qd7 12. Kb1 O-O-O 13. Rhe1 Nec6 14. Nxd4 Nxd4 15. Be3 Rhe8 16. Ne2 Nxe2 17. Qxe2 Kb8 18. Qf2 f5 19. c3 d5 20. exf5 exf5 21. d4 c4 22. Bd2 Rxe1 23. Rxe1 Re8 24. Rxe8+ Qxe8 25. Qe3 Qxe3 26. Bxe3 $11 {[%mdl 4096] Endgame KBB-KBB} h5 27. h4 b5 28. b4 a6 29. a3 Bf6 30. Bf3 Bg7 31. Bg2 Bf6 32. Bf3 Bg7 33. Bg2 Bf6 34. Bf3 {Accuracy: White = 66%, Black = 49%.} 1/2-1/2

[Event "V. Korchnoi Memorial 2019"]
[Site "St. Petersburg"]
[Date "2019.08.19"]
[Round "6.2"]
[White "Gasanov, Eldar"]
[Black "Zvjaginsev, Vadim"]
[Result "1/2-1/2"]
[WhiteElo "2475"]
[BlackElo "2639"]
[Annotator "TA"]
[PlyCount "76"]
[EventDate "2019.08.13"]
[EventType "swiss"]
[EventCountry "RUS"]
[SourceTitle "playchess.com"]
[Source "ChessBase"]
[SourceQuality "1"]

{[%evp 12,76,16,21,25,19,23,21,29,28,28,17,10,14,27,9,7,0,1,0,0,-2,-18,-11,1,-8,-10,-3,-6,-14,-2,-15,0,0,0,-32,0,-16,4,0,14,-13,0,0,0,0,0,0,0,0,0,0,0,-31,8,8,8,8,8,-8,0,0,0,-8,0,0,0]} 1. d4 d6 2. e4 Nf6 3. Nc3 g6 4. Nf3 Bg7 5. h3 O-O 6. Be3 a6 7. a4 e6 {B08: Pirc Defence: Classical System} (7... Nc6 8. d5 Nb8 9. Bd3 e6 10. dxe6 Bxe6 11. Nd4 d5 12. O-O Nc6 13. Nxc6 bxc6 14. Bd4 dxe4 15. Bxe4 Nxe4 16. Bxg7 Qxd1 17. Rfxd1 Nxf2 18. Bxf8 Nxd1 19. Rxd1 Kxf8 {0-1 (59) Andreikin,D (2712)-Artemiev,V (2697) Moscow 2018}) 8. a5 $146 ({Predecessor:} 8. Qd2 b6 9. Bg5 Bb7 10. Bd3 c5 11. dxc5 bxc5 12. O-O Qc7 13. Qf4 Nbd7 14. Nd2 Rac8 15. Rfe1 {0-1 (23) Sari,Y (2195)-Shtembuliak,E (2474) Konya 2017}) 8... b5 9. axb6 $1 cxb6 10. Nd2 Bb7 11. g3 b5 12. Bg2 Nbd7 13. O-O Nb6 14. Ne2 Qc7 15. c3 a5 {[%cal Ba6a5,Ba5a4][%mdl 32]} 16. g4 a4 17. Re1 h5 18. f3 hxg4 19. hxg4 Nh7 20. f4 f5 21. Ng3 fxe4 22. Ndxe4 Nc4 23. Bc1 Bd5 24. Nd2 Nb6 25. Nde4 Nc4 26. Nd2 Bxg2 27. Kxg2 Rae8 28. Nxc4 Qxc4 29. Qc2 Qd5+ 30. Qe4 Nf6 31. Qxd5 Nxd5 32. Rf1 e5 33. dxe5 {The position is equal.} dxe5 34. f5 e4 35. Bg5 Bf6 36. Bh6 {[#] Strongly threatening Rad1.} Bg7 37. Bg5 Bf6 38. Bh6 {And now Rad1 would win.} Bg7 {Accuracy: White = 44%, Black = 70%.} 1/2-1/2

[Event "V. Korchnoi Memorial 2019"]
[Site "St. Petersburg"]
[Date "2019.08.19"]
[Round "6.3"]
[White "Gareyev, Timur"]
[Black "Vokhidov, Shamsiddin"]
[Result "1/2-1/2"]
[WhiteElo "2600"]
[BlackElo "2512"]
[Annotator "TA"]
[PlyCount "60"]
[EventDate "2019.08.13"]
[EventType "swiss"]
[EventCountry "RUS"]
[SourceTitle "playchess.com"]
[Source "ChessBase"]
[SourceQuality "1"]

{[%evp 13,60,18,22,13,26,11,37,32,30,-23,-19,-16,-23,-33,-22,-9,-19,-15,-17,-14,-8,-18,-22,-54,-72,-53,0,0,0,-17,-17,-17,-17,-18,-19,-19,-17,-17,-18,-19,-17,-19,0,0,0,-20,0,-11,0]} 1. Nf3 c5 2. g3 g6 3. c3 Bg7 4. d4 cxd4 5. cxd4 d5 6. Bg2 Nc6 7. Nc3 e6 8. h4 {A04: Unusual lines after 1 Nf3 and King's Indian Attack} (8. O-O Nge7 9. b3 O-O 10. Ba3 b6 11. Rc1 Ba6 12. Qd2 Qd7 13. Rfd1 Rfc8 14. Rc2 Nf5 15. e3 Bf8 16. Bxf8 Kxf8 17. Bf1 Bxf1 18. Rxf1 {½-½ (38) So,W (2815)-Giri,A (2785) chess.com INT 2017}) 8... h6 9. Bf4 Qb6 {[%cal Rc6d4]} 10. O-O {White is slightly better.} Nge7 11. e4 $146 (11. Qb3 $142) ({Predecessor:} 11. Qb3) 11... dxe4 $11 12. Nxe4 O-O $1 13. Be5 Nxe5 14. dxe5 Rd8 15. Qc1 Bd7 16. Nf6+ Kh8 17. Qf4 Bc6 18. Rad1 Rxd1 19. Rxd1 Rd8 ({Black should play} 19... Qxb2 $15 20. Rd2 Qb1+ 21. Kh2 Qf5) 20. Rxd8+ {The position is equal.} Qxd8 21. Nd4 Bxg2 22. Kxg2 Nd5 23. Nxd5 Qxd5+ {[%mdl 64] [#] Double Attack} 24. Nf3 Kg8 25. b3 a6 26. Qe3 Bf8 27. Qf4 Kg7 28. Qf6+ Kg8 29. Qf4 Bg7 30. Qe3 Bf8 {Accuracy: White = 55%, Black = 70%.} 1/2-1/2

[Event "V. Korchnoi Memorial 2019"]
[Site "St. Petersburg"]
[Date "2019.08.19"]
[Round "6.4"]
[White "Yatzenko, Anton"]
[Black "Goganov, Aleksey"]
[Result "1-0"]
[WhiteElo "2360"]
[BlackElo "2564"]
[Annotator "ChessBase"]
[PlyCount "89"]
[EventDate "2019.08.13"]
[EventType "swiss"]
[EventCountry "RUS"]
[SourceTitle "playchess.com"]
[Source "ChessBase"]
[SourceQuality "1"]
[TimeControl "5400+30"]

1. d4 {[%emt 0:00:00]} d5 {[%emt 0:00:00]} 2. Nf3 {[%emt 0:00:00]} Nf6 {[%emt 0:00:00]} 3. c4 {[%emt 0:00:00]} c6 {[%emt 0:01:03]} 4. e3 {[%emt 0:00:00]} Bf5 {[%emt 0:00:20]} 5. Nc3 {[%emt 0:00:00]} e6 {[%emt 0:00:04]} 6. Nh4 {[%emt 0:00:00]} Bg6 {[%emt 0:00:06]} 7. Qb3 {[%emt 0:00:15]} Qc7 {[%emt 0:01:17]} 8. Bd2 {[%emt 0:05:12]} Nbd7 {[%emt 0:01:40]} 9. Nxg6 {[%emt 0:01:45]} hxg6 {[%emt 0:00:06]} 10. g3 {[%emt 0:00:26]} Be7 {[%emt 0:02:19]} 11. Bg2 {[%emt 0:00:43]} Nb6 {[%emt 0:04:01]} 12. cxd5 {[%emt 0:00:48]} exd5 {[%emt 0:00:05]} 13. e4 {[%emt 0:06:20]} dxe4 {[%emt 0:01:37]} 14. Nxe4 {[%emt 0:02:09]} Nxe4 {[%emt 0:02:15]} 15. Bxe4 {[%emt 0:00:08]} Qd7 {[%emt 0:00:26]} 16. O-O-O {[%emt 0:01:23]} Qxd4 {[%emt 0:13:56]} 17. Rhe1 {[%emt 0:11:59]} Qc4+ {[%emt 0:10:44]} 18. Qxc4 {[%emt 0:05:43]} Nxc4 {[%emt 0:00:07]} 19. Bxc6+ {[%emt 0:21:26]} Kf8 {[%emt 0:01:40]} 20. Bxb7 {[%emt 0:00:18]} Rb8 {[%emt 0:00:05]} 21. Rxe7 {[%emt 0:00:27]} Kxe7 {[%emt 0:00:08]} 22. Bb4+ {[%emt 0:00:07]} Ke6 {[%emt 0:09:07]} 23. Bd5+ {[%emt 0:02:38]} Kf5 {[%emt 0:00:39]} 24. g4+ {[%emt 0:06:22]} Kf4 {[%emt 0:04:05]} 25. Rd4+ {[%emt 0:00:30]} Ke5 {[%emt 0:00:05]} 26. Bc3 {[%emt 0:00:25]} Nb6 {[%emt 0:01:00]} 27. f4+ {[%emt 0:08:56]} Kd6 {[%emt 0:00:07]} 28. Bxf7+ {[%emt 0:00:05]} Ke7 {[%emt 0:02:09]} 29. Bxg6 {[%emt 0:00:18]} Rbc8 {[%emt 0:03:08]} 30. Kb1 {[%emt 0:03:27]} Rxc3 {[%emt 0:01:00]} 31. bxc3 {[%emt 0:00:05]} Rxh2 {[%emt 0:00:02]} 32. Bc2 {[%emt 0:01:13]} Rg2 {[%emt 0:00:13]} 33. g5 {[%emt 0:00:17]} Rf2 {[%emt 0:00:14]} 34. Kb2 {[%emt 0:01:03]} Nd7 {[%emt 0:00:29]} 35. Ra4 {[%emt 0:03:48]} Nc5 {[%emt 0:00:03]} 36. Rxa7+ {[%emt 0:00:19]} Kd6 {[%emt 0:00:04]} 37. c4 {[%emt 0:00:40]} Rxf4 {[%emt 0:00:30]} 38. Rxg7 {[%emt 0:02:27]} Rxc4 {[%emt 0:00:12]} 39. g6 {[%emt 0:01:13]} Rg4 {[%emt 0:01:07]} 40. Ra7 {[%emt 0:02:13]} Rg3 {[%emt 0:01:37]} 41. g7 {[%emt 0:02:52]} Rg2 {[%emt 0:03:11]} 42. Kc1 {[%emt 0:01:02]} Rg1+ {[%emt 0:02:27]} 43. Kd2 {[%emt 0:00:15]} Rg2+ {[%emt 0:01:55]} 44. Ke3 {[%emt 0:00:59]} Rg3+ {[%emt 0:00:04]} 45. Kf2 {[%emt 0:00:23]} 1-0

[Event "V. Korchnoi Memorial 2019"]
[Site "St. Petersburg"]
[Date "2019.08.19"]
[Round "6.5"]
[White "Iljiushenok, Ilia"]
[Black "Samusenko, Maksim"]
[Result "1/2-1/2"]
[WhiteElo "2533"]
[BlackElo "2438"]
[Annotator "ChessBase"]
[PlyCount "116"]
[EventDate "2019.08.13"]
[EventType "swiss"]
[EventCountry "RUS"]
[SourceTitle "playchess.com"]
[Source "ChessBase"]
[SourceQuality "1"]
[TimeControl "5400+30"]

1. e4 {[%emt 0:00:00]} d5 {[%emt 0:00:08]} 2. exd5 {[%emt 0:00:00]} Nf6 {[%emt 0:00:15]} 3. Nf3 {[%emt 0:00:00]} Bg4 {[%emt 0:00:52]} 4. h3 {[%emt 0:00:59]} Bxf3 {[%emt 0:00:43]} 5. Qxf3 {[%emt 0:00:07]} Qxd5 {[%emt 0:00:20]} 6. Qxd5 {[%emt 0:06:16]} Nxd5 {[%emt 0:00:12]} 7. Nc3 {[%emt 0:01:40]} e6 {[%emt 0:03:32]} 8. Nxd5 {[%emt 0:15:40]} exd5 {[%emt 0:00:06]} 9. d4 {[%emt 0:00:11]} Bd6 {[%emt 0:01:46]} 10. Bd3 {[%emt 0:07:58]} O-O {[%emt 0:05:21]} 11. O-O {[%emt 0:00:14]} Re8 {[%emt 0:04:02]} 12. Be3 {[%emt 0:02:02]} Nd7 {[%emt 0:03:58]} 13. b3 {[%emt 0:01:36]} g6 {[%emt 0:09:32]} 14. c4 {[%emt 0:03:16]} dxc4 {[%emt 0:02:15]} 15. bxc4 {[%emt 0:00:21]} c5 {[%emt 0:09:53]} 16. d5 {[%emt 0:02:30]} b6 {[%emt 0:10:18]} 17. a4 {[%emt 0:03:54]} Be5 {[%emt 0:04:10]} 18. Ra2 {[%emt 0:03:55]} a5 {[%emt 0:06:43]} 19. Rb1 {[%emt 0:03:15]} Kg7 {[%emt 0:04:13]} 20. Ra3 {[%emt 0:01:50]} Bd4 {[%emt 0:04:17]} 21. Bf4 {[%emt 0:00:21]} Be5 {[%emt 0:00:20]} 22. Bd2 {[%emt 0:00:09]} h5 {[%emt 0:03:17]} 23. g3 {[%emt 0:04:03]} Rab8 {[%emt 0:06:03]} 24. Rab3 {[%emt 0:00:36]} Bd4 {[%emt 0:01:54]} 25. Kg2 {[%emt 0:01:43]} Kf8 {[%emt 0:02:00]} 26. Bf1 {[%emt 0:04:50]} Be5 {[%emt 0:02:52]} 27. Bg5 {[%emt 0:02:59]} Bd4 {[%emt 0:01:17]} 28. Bd2 {[%emt 0:09:04]} Kg7 {[%emt 0:00:28]} 29. Bd3 {[%emt 0:06:20]} Kf8 {[%emt 0:01:04]} 30. Bg5 {[%emt 0:02:43]} Kg7 {[%emt 0:00:17]} 31. Kf1 {[%emt 0:00:21]} Bf6 {[%emt 0:00:52]} 32. Bf4 {[%emt 0:00:18]} Be5 {[%emt 0:00:09]} 33. Bd2 {[%emt 0:00:02]} Bd4 {[%emt 0:01:49]} 34. Be2 {[%emt 0:00:20]} Re7 {[%emt 0:03:25]} 35. Bd3 {[%emt 0:03:17]} Ree8 {[%emt 0:00:05]} 36. Kg1 {[%emt 0:01:04]} Kf8 {[%emt 0:00:47]} 37. Bf1 {[%emt 0:01:03]} Kg7 {[%emt 0:00:14]} 38. Kg2 {[%emt 0:00:09]} Kf8 {[%emt 0:00:19]} 39. g4 {[%emt 0:02:46]} hxg4 {[%emt 0:00:24]} 40. hxg4 {[%emt 0:00:01]} Kg7 {[%emt 0:00:43]} 41. g5 {[%emt 0:00:30]} Re4 {[%emt 0:01:43]} 42. Re1 {[%emt 0:03:25]} Rxe1 {[%emt 0:00:54]} 43. Bxe1 {[%emt 0:00:01]} Re8 {[%emt 0:01:31]} 44. Bd2 {[%emt 0:00:01]} f6 {[%emt 0:00:22]} 45. gxf6+ {[%emt 0:00:17]} Kxf6 {[%emt 0:00:53]} 46. f4 {[%emt 0:00:11]} Kf7 {[%emt 0:00:31]} 47. Kg3 {[%emt 0:01:56]} Nf6 {[%emt 0:00:53]} 48. Bd3 {[%emt 0:00:04]} Be3 {[%emt 0:01:07]} 49. Bxg6+ {[%emt 0:01:56]} Kxg6 {[%emt 0:00:03]} 50. Bxe3 {[%emt 0:00:03]} Re4 {[%emt 0:00:55]} 51. Kf3 {[%emt 0:00:20]} Rxc4 {[%emt 0:00:16]} 52. Rxb6 {[%emt 0:00:04]} Rxa4 {[%emt 0:01:32]} 53. Rc6 {[%emt 0:03:02]} Ra3 {[%emt 0:00:43]} 54. Rxc5 {[%emt 0:04:20]} Rd3 {[%emt 0:00:10]} 55. d6 {[%emt 0:01:27]} Rxd6 {[%emt 0:00:27]} 56. Rxa5 {[%emt 0:00:04]} Rd5 {[%emt 0:00:07]} 57. Ra1 {[%emt 0:00:07]} Kf5 {[%emt 0:00:32]} 58. Rg1 {[%emt 0:00:14]} Ke6 {[%emt 0:00:28]} 1/2-1/2

[Event "V. Korchnoi Memorial 2019"]
[Site "St. Petersburg"]
[Date "2019.08.19"]
[Round "6.6"]
[White "Stupak, Kirill"]
[Black "Borisovsky, Dmitry"]
[Result "0-1"]
[WhiteElo "2561"]
[BlackElo "2326"]
[Annotator "ChessBase"]
[PlyCount "46"]
[EventDate "2019.08.13"]
[EventType "swiss"]
[EventCountry "RUS"]
[SourceTitle "playchess.com"]
[Source "ChessBase"]
[SourceQuality "1"]
[TimeControl "5400+30"]

1. d4 {[%emt 1:30:30]} Nf6 {[%emt 1:30:30]} 2. c4 {[%emt 0:00:30]} g6 {[%emt 0:00:30]} 3. Nc3 {[%emt 0:00:30]} d5 {[%emt 0:00:30]} 4. Nf3 {[%emt 0:00:30]} Bg7 {[%emt 0:00:30]} 5. cxd5 {[%emt 0:00:30]} Nxd5 {[%emt 0:00:30]} 6. Na4 {[%emt 0:00:30]} O-O {[%emt 0:00:30]} 7. e4 {[%emt 0:00:30]} Nb6 {[%emt 0:00:30]} 8. Be3 {[%emt 0:00:30]} Nc6 {[%emt 0:00:30]} 9. Nc5 {[%emt 0:00:30]} f5 {[%emt 0:00:30]} 10. Qb3+ {[%emt 0:00:30]} e6 {[%emt 0:00:30]} 11. Rd1 {[%emt 0:00:30]} f4 {[%emt 0:00:30]} 12. Bc1 {[%emt 0:00:30]} Qe7 {[%emt 0:00:30]} 13. Qc3 {[%emt 0:00:30]} e5 {[%emt 0:00:30]} 14. d5 {[%emt 0:00:30]} Nd4 {[%emt 0:00:30]} 15. Be2 {[%emt 0:00:30]} Nd7 {[%emt 0:00:30]} 16. Nb3 {[%emt 0:00:30]} Nxe2 {[%emt 0:00:30]} 17. Kxe2 {[%emt 0:00:30]} Nf6 {[%emt 0:00:30]} 18. Nfd2 {[%emt 0:00:30]} b6 {[%emt 0:00:30]} 19. f3 {[%emt 0:00:30]} Ba6+ {[%emt 0:00:30]} 20. Kf2 Nxd5 {[%emt 0:00:30]} 21. exd5 {[%emt 0:01:00]} e4 {[%emt 0:00:30]} 22. Qc6 {[%emt 0:00:30]} e3+ {[%emt 0:00:30]} 23. Kg1 {[%emt 0:00:30]} e2 {[%emt 0:00:30]} 0-1

[Event "V. Korchnoi Memorial 2019"]
[Site "St. Petersburg"]
[Date "2019.08.19"]
[Round "6.7"]
[White "Lintchevski, Daniil"]
[Black "Evdokimov, Alexey"]
[Result "1-0"]
[WhiteElo "2538"]
[BlackElo "2326"]
[Annotator "ChessBase"]
[PlyCount "87"]
[EventDate "2019.08.13"]
[EventType "swiss"]
[EventCountry "RUS"]
[SourceTitle "playchess.com"]
[Source "ChessBase"]
[SourceQuality "1"]
[TimeControl "5400+30"]

1. e4 {[%emt 0:00:00]} d6 {[%emt 0:00:00]} 2. d4 {[%emt 0:00:01]} Nf6 {[%emt 0:00:01]} 3. Nc3 {[%emt 0:00:28]} g6 {[%emt 0:00:11]} 4. g3 {[%emt 0:00:06]} Bg7 {[%emt 0:00:14]} 5. Bg2 {[%emt 0:00:05]} O-O {[%emt 0:00:24]} 6. Nge2 {[%emt 0:00:05]} Nbd7 {[%emt 0:00:37]} 7. h3 {[%emt 0:02:39]} e5 {[%emt 0:00:43]} 8. Be3 {[%emt 0:02:39]} c6 {[%emt 0:01:54]} 9. a4 {[%emt 0:00:10]} Qc7 {[%emt 0:01:08]} 10. O-O {[%emt 0:00:27]} b6 {[%emt 0:07:00]} 11. g4 {[%emt 0:04:30]} Ba6 {[%emt 0:07:26]} 12. Re1 {[%emt 0:00:16]} h6 {[%emt 0:13:18]} 13. Qd2 {[%emt 0:09:08]} Kh7 {[%emt 0:01:31]} 14. Ng3 {[%emt 0:00:22]} Rad8 {[%emt 0:08:07]} 15. f4 {[%emt 0:01:07]} exf4 {[%emt 0:05:15]} 16. Bxf4 {[%emt 0:01:29]} c5 {[%emt 0:03:41]} 17. d5 {[%emt 0:04:46]} Ng8 {[%emt 0:02:48]} 18. Bf1 {[%emt 0:02:24]} Bxf1 {[%emt 0:00:32]} 19. Rxf1 {[%emt 0:00:58]} Ne5 {[%emt 0:00:47]} 20. Qe2 {[%emt 0:01:11]} Qb7 {[%emt 0:02:35]} 21. Kg2 {[%emt 0:01:30]} a6 {[%emt 0:02:30]} 22. g5 {[%emt 0:02:04]} Ne7 {[%emt 0:13:26]} 23. gxh6 {[%emt 0:01:42]} Bh8 {[%emt 0:01:51]} 24. Kh2 {[%emt 0:03:57]} Rb8 {[%emt 0:01:59]} 25. Rf2 {[%emt 0:01:38]} b5 {[%emt 0:02:06]} 26. axb5 {[%emt 0:01:05]} axb5 {[%emt 0:00:04]} 27. Raf1 {[%emt 0:00:06]} Ng8 {[%emt 0:00:40]} 28. Nd1 {[%emt 0:00:54]} Qe7 {[%emt 0:01:19]} 29. Ne3 {[%emt 0:04:14]} Rb7 {[%emt 0:03:05]} 30. Rg2 {[%emt 0:02:10]} Qd7 {[%emt 0:04:56]} 31. Ngf5 {[%emt 0:04:48]} Bf6 {[%emt 0:01:45]} 32. Ng7 {[%emt 0:05:57]} Nc4 {[%emt 0:04:06]} 33. Ng4 {[%emt 0:10:42]} Bxb2 {[%emt 0:00:31]} 34. h4 {[%emt 0:00:11]} Ne5 {[%emt 0:04:57]} 35. Bxe5 {[%emt 0:01:58]} Bxe5+ {[%emt 0:00:08]} 36. Nxe5 {[%emt 0:00:04]} dxe5 {[%emt 0:00:10]} 37. Ne6 {[%emt 0:00:06]} fxe6 {[%emt 0:02:23]} 38. Rxf8 {[%emt 0:00:05]} Nxh6 {[%emt 0:01:03]} 39. Rf6 {[%emt 0:01:07]} Qg7 {[%emt 0:01:19]} 40. Rxe6 {[%emt 0:01:54]} Qf7 {[%emt 0:00:54]} 41. Rgxg6 {[%emt 0:00:36]} Qf4+ {[%emt 0:00:17]} 42. Kh3 {[%emt 0:00:48]} Rg7 {[%emt 0:00:54]} 43. Rxh6+ {[%emt 0:00:07]} Kg8 {[%emt 0:00:05]} 44. Re8+ {[%emt 0:00:41]} 1-0

[Event "V. Korchnoi Memorial 2019"]
[Site "St. Petersburg"]
[Date "2019.08.19"]
[Round "6.8"]
[White "Polschikov, Alexey"]
[Black "Lobanov, Sergei"]
[Result "0-1"]
[WhiteElo "2410"]
[BlackElo "2495"]
[Annotator "ChessBase"]
[PlyCount "66"]
[EventDate "2019.08.13"]
[EventType "swiss"]
[EventCountry "RUS"]
[SourceTitle "playchess.com"]
[Source "ChessBase"]
[SourceQuality "1"]
[TimeControl "5400+30"]

1. Nf3 {[%emt 0:06:23]} d5 {[%emt 0:00:00]} 2. d4 {[%emt 0:00:12]} Nf6 {[%emt 0:00:00]} 3. c4 {[%emt 0:00:19]} c6 {[%emt 0:00:00]} 4. Nc3 {[%emt 0:00:15]} e6 {[%emt 0:00:05]} 5. g3 {[%emt 0:00:21]} dxc4 {[%emt 0:00:12]} 6. Bg2 {[%emt 0:00:07]} Nbd7 {[%emt 0:00:10]} 7. O-O {[%emt 0:01:41]} b5 {[%emt 0:01:05]} 8. Ng5 {[%emt 0:06:25]} Qb6 {[%emt 0:09:56]} 9. a4 {[%emt 0:10:35]} b4 {[%emt 0:06:59]} 10. Nce4 {[%emt 0:06:55]} Nd5 {[%emt 0:05:58]} 11. a5 {[%emt 0:12:35]} Qb5 {[%emt 0:01:27]} 12. f4 {[%emt 0:00:16]} h6 {[%emt 0:01:59]} 13. Nf3 {[%emt 0:01:31]} Be7 {[%emt 0:04:36]} 14. Re1 {[%emt 0:01:34]} Ba6 {[%emt 0:05:14]} 15. Nf2 {[%emt 0:00:38]} b3 {[%emt 0:01:20]} 16. Bd2 {[%emt 0:08:34]} Nb4 {[%emt 0:00:37]} 17. Bxb4 {[%emt 0:00:02]} Bxb4 {[%emt 0:00:11]} 18. Ne4 {[%emt 0:00:03]} O-O {[%emt 0:01:01]} 19. Nc3 {[%emt 0:00:05]} Bxc3 {[%emt 0:01:41]} 20. bxc3 {[%emt 0:00:02]} Rab8 {[%emt 0:02:15]} 21. Nd2 {[%emt 0:01:36]} c5 {[%emt 0:00:50]} 22. d5 {[%emt 0:02:36]} Bb7 {[%emt 0:04:34]} 23. dxe6 {[%emt 0:00:26]} Bxg2 {[%emt 0:00:22]} 24. Kxg2 {[%emt 0:00:02]} fxe6 {[%emt 0:01:30]} 25. e4 {[%emt 0:00:36]} b2 {[%emt 0:05:15]} 26. Ra2 {[%emt 0:08:46]} Nf6 {[%emt 0:03:06]} 27. Qc2 {[%emt 0:04:16]} Rfd8 {[%emt 0:06:18]} 28. e5 {[%emt 0:08:36]} Ng4 {[%emt 0:02:10]} 29. Nb1 {[%emt 0:04:36]} Rd3 {[%emt 0:00:19]} 30. Kh3 {[%emt 0:01:21]} Qe8 {[%emt 0:04:32]} 31. Kxg4 {[%emt 0:03:17]} Qg6+ {[%emt 0:00:08]} 32. Kh4 {[%emt 0:00:20]} h5 {[%emt 0:00:22]} 33. Qe2 {[%emt 0:00:06]} Re3 {[%emt 0:00:03]} 0-1

[Event "V. Korchnoi Memorial 2019"]
[Site "St. Petersburg"]
[Date "2019.08.20"]
[Round "7.1"]
[White "Kamsky, Gata"]
[Black "Yatzenko, Anton"]
[Result "1/2-1/2"]
[WhiteElo "2673"]
[BlackElo "2360"]
[Annotator "TA"]
[PlyCount "71"]
[EventDate "2019.08.13"]
[EventType "swiss"]
[EventCountry "RUS"]
[SourceTitle "playchess.com"]
[Source "ChessBase"]
[SourceQuality "1"]

{[%evp 19,71,11,19,9,26,5,10,0,3,-20,0,0,0,-8,-8,-13,-14,-33,-29,-30,-17,-39,-30,-40,-10,-10,-9,-9,-16,-18,-14,-19,-19,-28,-28,-28,-28,-29,-29,-29,-22,-21,0,-10,0,-10,-10,-13,-8,-17,0,-6,0,-37]} 1. e4 e5 2. Nf3 Nc6 3. Bb5 Nf6 4. O-O Nxe4 5. d4 Nd6 6. Bxc6 dxc6 7. dxe5 Nf5 8. Qxd8+ Kxd8 9. Rd1+ Ke8 10. Nc3 Be7 11. h3 {C67: Ruy Lopez: Berlin Defence: 4 0-0 Nxe4} (11. Ne2 Nh4 12. Nxh4 Bxh4 13. Nd4 a6 14. Bf4 c5 15. Ne2 Bf5 16. c4 Rd8 17. Nc3 Rd7 18. Be3 b6 {½-½ (41) Vachier Lagrave,M (2779)-Aronian,L (2767) Saint Louis 2018}) 11... h5 12. Bf4 Be6 13. b3 Rd8 {[#]} 14. g3 $146 ({Predecessor:} 14. Ne4 Rxd1+ 15. Rxd1 Bd5 16. Re1 Bb4 17. Re2 Kd7 18. c4 Be6 19. Bd2 Be7 20. Bc1 Rd8 21. Rd2+ Ke8 22. Rxd8+ Bxd8 23. Kf1 b6 24. Ke2 c5 25. Kd3 {½-½ (25) Siikaluoma,A (2544)-Turkov,V (2547) ICCF email 2014}) 14... b6 15. Kg2 Rd7 16. Rxd7 Kxd7 17. Rd1+ Kc8 18. Ng5 Bxg5 $1 19. Bxg5 c5 $1 20. Ne2 Bd7 21. g4 hxg4 (21... Bc6+ {is interesting.} 22. f3 f6 23. exf6 gxf6 24. Bxf6 Ne3+) 22. hxg4 Nh6 23. Bxh6 gxh6 $11 {[%mdl 4096] Endgame KRB-KRN} 24. f3 Re8 25. Rh1 Rxe5 26. Kf2 Re6 27. Ng3 Rf6 {[#] ...Bxg4 is the strong threat.} 28. Ne4 Rg6 29. Rh5 c4 30. b4 {The position is equal.} Kd8 31. Ke3 Ke7 32. Ng3 Re6+ 33. Kd4 Rf6 34. Ke3 Re6+ 35. Kd4 Rf6 36. Ke4 {Accuracy: White = 50%, Black = 54%.} 1/2-1/2

[Event "V. Korchnoi Memorial 2019"]
[Site "St. Petersburg"]
[Date "2019.08.20"]
[Round "7.2"]
[White "Lobanov, Sergei"]
[Black "Chigaev, Maksim"]
[Result "1-0"]
[WhiteElo "2495"]
[BlackElo "2643"]
[Annotator "TA"]
[PlyCount "114"]
[EventDate "2019.08.13"]
[EventType "swiss"]
[EventCountry "RUS"]
[SourceTitle "playchess.com"]
[Source "ChessBase"]
[SourceQuality "1"]

{[%evp 13,114,35,24,16,27,17,24,0,15,14,30,0,2,-21,-29,-31,-27,-27,-19,-39,-37,-116,-109,-116,-125,-129,-83,-116,-42,-37,-34,-34,-15,-35,0,0,19,19,29,18,22,23,19,0,33,33,110,112,119,111,126,126,134,124,264,262,208,31,85,54,235,235,235,235,235,235,452,0,0,0,410,475,484,467,544,514,508,461,417,870,872,805,798,681,741,633,666,575,908,844,791,766,658,844,908,896,1166,956,977,905,5273,5322,29989]} 1. e4 e5 2. Nf3 Nc6 3. Bb5 a6 4. Ba4 Nf6 5. O-O Bc5 6. c3 O-O 7. d4 Ba7 8. Re1 {C78: Ruy Lopez: Archangelsk and Möller Defences} (8. dxe5 Nxe4 9. Bc2 d5 10. exd6 Nxd6 11. Bg5 f6 12. Bf4 g5 13. Bxd6 Qxd6 14. Qxd6 cxd6 15. Nbd2 g4 {0-1 (73) Vallejo Pons,F (2693)-Carlsen,M (2845) Karlsruhe/Baden Baden 2019}) 8... b5 9. Bb3 d6 10. Bg5 {White has an edge.} h6 11. Bh4 Bd7 12. Qd3 g5 $146 {[%mdl 2048] Black is more active.} ({Predecessor:} 12... Qe7 13. Nbd2 Rad8 14. Nf1 Na5 {1-0 (35) Abramov,L-Vulfson,V Kuibyshev 1942}) 13. Bg3 {[%cal Rd4e5]} (13. Nxg5 $5 hxg5 14. Bxg5 $11) 13... Nh5 $1 14. Bd5 Nxg3 15. hxg3 Qf6 16. Bxc6 Bxc6 17. dxe5 (17. Re2 $15) 17... dxe5 $17 {And now ...g4 would win.} 18. Qe2 Rad8 19. Na3 Qe6 20. Rad1 f6 ({Better is} 20... Rxd1 $1 $17 21. Rxd1 Qg4) 21. c4 $15 {[%cal Rc4b5]} b4 22. Nc2 a5 23. Nh2 Kg7 24. g4 Rxd1 25. Rxd1 Rf7 26. Nf1 Rd7 27. Rxd7+ Bxd7 28. Nfe3 Bxe3 29. Nxe3 Qd6 (29... Qc6 $14) 30. Nf5+ $1 $16 Bxf5 31. gxf5 {[%mdl 4096] Endgame KQ-KQ} Qd7 32. b3 c6 33. g3 Kf8 (33... Qf7 $16 {might work better.}) 34. Qh5 $18 Qg7 35. f3 $2 ({White should try} 35. Kg2 $18) 35... Ke7 (35... g4 $14) 36. Kg2 $16 Qf8 $2 (36... g4 $1 $14) 37. Kh3 $1 $18 Kd6 38. Kg4 Kc5 39. Qh2 Qd8 $2 (39... h5+ 40. Qxh5 Kd4) 40. Kh5 Qe8+ $1 41. Kg4 Qd8 $1 42. Qxh6 Kd4 43. Qh1 Qe7 44. Qd1+ Ke3 {[#]} 45. c5 $1 {[%mdl 512]} Qh7 {[#]} (45... Qxc5 46. Qg1+) 46. Qd6 (46. a3 $142 $1 {[%mdl 512]}) 46... Qh1 {White is clearly winning.} 47. Qxf6 Qxf3+ 48. Kxg5 Qxg3+ 49. Kh5 {Threatens to win with Qg5+.} Kxe4 {[#] intending ...Kf4.} 50. Qg5 $1 {[%cal Rg5g3]} Qh3+ 51. Kg6 Qh8 52. Kf7 Qh7+ 53. Ke6 Qh3 54. Qf6 Qh2 55. Kd6 a4 56. Qg6 Qd2+ 57. Kc7 Kd5 {Accuracy: White = 63%, Black = 43%.} 1-0